000 00651cab a2200229 4500
001 WB3427-05
008 090401t1998 xxu||||| |||| 00| 0 eng d
035 _a(Sirsi) u87477
041 _aeng
245 _aExtra for schools, hospitals
260 _c1998
350 _a0
490 _aFinancial Times
_v15 July 1998, 1(1)
520 _aAnnounces planned expenditure for schools and hospitals outlined in the DETR comprehensive spending review.
650 _aCOMPREHENSIVE SPENDING REVIEW
650 _aHOSPITALS
650 _aPUBLIC EXPENDITURE
650 _aSCHOOLS
690 _aBUILT ENVIRONMENT
942 _n0
948 _c17/07/1998
999 _c55175
_d55175